000 00626nam a2200181Ia 4500
008 100917s9999 xx 000 0 und d
082 _b23728
100 _aखाडीलकर कृष्णाजी प्रभाकर
245 _aभाऊ बंदकी (आवृत्ती 10 वी)
260 _bनवाकाळ प्रकाशन
_c1974
300 _a95
365 _b2.5
520 _aनाटक
630 _aभाऊ बंदकी (आवृत्ती 10 वी)
650 _aनाटक
730 _aभाऊ बंदकी (आवृत्ती 10 वी)
942 _cBOOK
999 _c629122
_d629119